| 000 | 02778cam a22005054i 4500 | ||
|---|---|---|---|
| 003 | PE-LiUPU | ||
| 005 | 20250731183432.0 | ||
| 008 | 150706s r 000 0 d | ||
| 020 | _a9789681869304 | ||
| 035 | _a(Sirsi) i9789681869304 | ||
| 040 |
_aPE-LiUPU _bspa _cPE-LiUPU _erda |
||
| 049 | _aPRUA | ||
| 082 | 0 | 4 |
_a720.9 _bHA _221 |
| 100 | 1 |
_aFletcher, Banister, _d1866-1953, _eautor. |
|
| 245 | 1 | 0 |
_aHistoria de la arquitectura : _bel Islam, África, América y Asia precoloniales / _cSir Banister Fletcher ; colaboradores en la traducción Antonio Abad Sánchez . [et. al]. |
| 264 | 1 |
_aMéxico : _bLimusa: Universidad Autónoma Metropolitana, _c2007. |
|
| 300 |
_apáginas 561-802 : _bilustraciones ; _c24 cm. |
||
| 336 |
_atext _2rdacontent |
||
| 337 |
_aunmediated _2rdamedia |
||
| 338 |
_avolume _2rdacarrier |
||
| 490 | 0 | _aHistoria de la Arquitectura | |
| 500 | _aVersión autorizada en español de la obra: Sir Banister Fletcher´s History of Architecture, 20 edition. | ||
| 505 | 0 | _aParte tres: El islam -- Antecedentes -- Seléucidas, partos y sasánidas -- Arquitectura de los califatos omeya y abasida -- Dinastías locales del Islam central e India premogol -- Persia safavida, el imperio otomano e India mogol -- Arquitectura vernácula y el jardín del paraíso -- Parte cuatro: África, américa y Asia precoloniales -- Antecedentes -- África -- América -- China -- Japón y Corea -- Subcontinente indio -- Sureste asiático. | |
| 526 | _aP158 | ||
| 526 | _aP146 | ||
| 526 | _aP17 | ||
| 526 | _aP12 | ||
| 526 | _aP06 | ||
| 541 | _g001-003517; | ||
| 541 | _g0020-0000434; | ||
| 650 | 0 | 4 |
_aArquitectura _xHistoria. |
| 650 | 0 | 4 |
_aArquitectura _xHistoria _vEstudios comparados. |
| 650 | 0 | 4 | _aArquitectura islámica. |
| 700 | 1 |
_aCruickshank, Dan, _eed. |
|
| 700 | 1 |
_aRodríguez Viqueira, Manuel, _ecoord. |
|
| 700 | 1 |
_aAbad Sánchez, Antonio, _etr. |
|
| 910 |
_agl _cjck _d20120528 |
||
| 942 |
_2ddc _cBOOK |
||
| 949 |
_a720.9 HA 3 _wDEWEY _c1 _i64772 _lCCODEBUL1 _mBUL _p25.00 _r0 _sY _tBOOK _u2015-7-6 _xINGENIERIA _PP06 _o.STAFF. Colección General |
||
| 949 |
_a720.9 HA 3 _wDEWEY _c1 _i72885 _lCCODEBUL1 _mBUL _p28.31 _r0 _sY _tBOOK _u2016-05-04 _xINGENIERIA _PP06 _o.STAFF. Colección General |
||
| 994 |
_aC0 _bPEPRU |
||
| 596 | _a1 | ||
| 999 |
_a720.9 HA 3 _wDEWEY _c53477 _i64772 _f2021-11-9 _g7 _lCCODEBUL1 _mBUL _p25.00 _r0 _sY _tBOOK _u2015-7-6 _xINGENIERIA _PP06 _0COMPRA _o.STAFF. Colección General _d53477 |
||
| 999 |
_a720.9 HA 3 _wDEWEY _c2 _i72885 _d2020-1-30 _e2019-10-8 _f2021-11-9 _g7 _lCCODEBUL1 _mBUL _n4 _p28.31 _q1 _r0 _sY _tBOOK _u2016-5-4 _xINGENIERIA _PP06 _0COMPRA _o.STAFF. Colección General |
||
| 980 |
_81 _gALBERTO SANCHEZ Responsable de Automatización |
||